Tamilnadu pension rules (Record no. 500178)

000 -LEADER
fixed length control field 00349cam a22001097a 4500
008 - FIXED-LENGTH DATA ELEMENTS--GENERAL INFORMATION
fixed length control field 180718b1991 xxu||||| |||| 00| 0 eng d
082 ## - DEWEY DECIMAL CLASSIFICATION NUMBER
Classification number K8501z5452 T152
245 ## - TITLE STATEMENT
Title Tamilnadu pension rules
Statement of responsibility, etc. by Finance Department, TamilNadu
260 ## - PUBLICATION, DISTRIBUTION, ETC.
Place of publication, distribution, etc.
Name of publisher, distributor, etc. The Director of Stationery and Prinitng
Date of publication, distribution, etc. 1991
300 ## - PHYSICAL DESCRIPTION
Extent 305+p.
700 ## - ADDED ENTRY--PERSONAL NAME
Personal name Tamilnadu. Finance Department,
Holdings
Withdrawn status Lost status Damaged status Not for loan Permanent Location Current Location Date acquired Full call number Barcode Date last seen Price effective from Koha item type
        Indian Institute of Public Administration Indian Institute of Public Administration 2018-08-04 K8501z5452 T152 GG21329 2018-08-04 2018-08-04 GG

Powered by Koha